| Tag |
First Indicator |
Second Indicator |
Subfields |
| LEADER |
00000cam a2200000Ia 4500 |
| 001 |
in00002297521 |
| 005 |
20190326192137.0 |
| 006 |
m | d | |
| 007 |
cr |n||||||||n |
| 008 |
880914s1834 fr sb 001 0 fre d |
| 040 |
|
|
|a NYG
|c GKR
|d OCL
|d OCLCQ
|d Thomson Gale
|d UtOrBLW
|
| 041 |
1 |
|
|a fre
|h ita
|
| 100 |
1 |
|
|a Mastrofini, Marco,
|d 1763-1845.
|
| 240 |
1 |
0 |
|a Usure.
|l French
|
| 245 |
1 |
0 |
|a Discussion sur l'usure :
|b ouvrage ou l'on démontre que l'usure modérée n'est contraire ni à l'écriture sainte, ni au droit naturel, ni aux décisions de l'église /
|c par l'abbe Mastrofini.
|
| 250 |
|
|
|a 4e éd. /
|b traduit de l'italien, sur la 4me éd., par M. C***.
|
| 264 |
|
1 |
|a Lyon :
|b F. Guyot,
|c 1834
|
| 264 |
|
3 |
|a Lyon :
|b G. Rossary
|
| 300 |
|
|
|a iv, 523 pages ;
|c 20 cm.
|
| 336 |
|
|
|a text
|b txt
|2 rdacontent
|
| 337 |
|
|
|a computer
|b c
|2 rdamedia
|
| 338 |
|
|
|a online resource
|b cr
|2 rdacarrier
|
| 500 |
|
|
|a "Suivi du recueil des décisions du Saint Siége qui ont paru dans ces derniers temps sur la matière de l'usure."
|
| 500 |
|
|
|a Translation of: Usure.
|
| 500 |
|
|
|a Reproduction of original from Kress Library of Business and Economics, Harvard University.
|
| 500 |
|
|
|a Goldsmiths'-Kress number 28593.
|
| 504 |
|
|
|a Includes bibliographical references and index.
|
| 510 |
4 |
|
|a OCLC,
|c 18484344
|
| 533 |
|
|
|a Electronic reproduction.
|b Farmington Hills, Mich. :
|c Thomson Gale,
|d 2005.
|f (The making of the modern world).
|n Available via the World Wide Web.
|n Access limited to licensing agreements.
|7 s2005 miunns
|
| 500 |
|
|
|a Electronic resource.
|
| 650 |
|
0 |
|a Interest.
|
| 650 |
|
0 |
|a Usury.
|
| 655 |
|
0 |
|a Electronic books.
|
| 830 |
|
0 |
|a Making of the modern world (Goldsmiths'-Kress Library of Economic Literature)
|
| 856 |
4 |
0 |
|u http://proxy.library.tamu.edu/login?url=http://galenet.galegroup.com/servlet/MOME?af=RN&ae=U110387564&srchtp=a&ste=14&locID=txshracd2898
|z Connect to the full text of this electronic book
|t 0
|
| 999 |
|
|
|a MARS
|
| 999 |
f |
f |
|s 4d779e22-ea30-3929-be9f-864e4a13f052
|i 86c5ef2d-8848-347f-8535-d31c6ba448ca
|t 0
|
| 952 |
f |
f |
|a Texas A&M University
|b College Station
|c Electronic Resources
|d Available Online
|t 0
|h No information provided
|
| 998 |
f |
f |
|t 0
|l Available Online
|